000 00745nam a2200229Ia 4500
008 191130s2009##################000#0#eng##
020 _a9783039117994
022 _a2009012209
040 _aACL
_cACL
082 _a413.028 BER
100 _aBergenholtz, Henning
245 _aLexicography at a crossroads : dictionaries and encyclopedias today, lexicographical tools today
_cHenning Bergenholtz, Sandro Nielsen & Sven Tarp, eds
260 _aBern ; New York
_bP. Lang
_cc2009
300 _a372 p. : ill. ; 23 cm
500 _aIncludes bibliographical references
650 _aLexicography
700 _aNielsen, Sandro
700 _aTarp, Sven
990 _a43bc3777ac10000c17162595b53be6e8
991 _a439789
999 _c232182
_d232182